[Event "2BLS 1718 SC Böblingen - OSG Baden Bad"]
[Site "?"]
[Date "2017.11.11"]
[Round "3.6"]
[White "Schuh, Karsten"]
[Black "Mutschnik, Illya"]
[Result "0-1"]
[WhiteElo "2219"]
[BlackElo "2431"]
[PlyCount "46"]
[EventDate "2017.??.??"]

1. c4 e5 2. g3 Nc6 3. Bg2 g6 4. Nc3 Bg7 5. e4 d6 6. Nge2 h5 7. h3 h4 8. g4 f5
9. gxf5 gxf5 10. f4 Nge7 11. d3 Be6 12. Be3 Qd7 13. Qa4 fxe4 14. Nxe4 Nf5 15.
Bd2 Ncd4 16. Qxd7+ Bxd7 17. Nxd4 Nxd4 18. O-O-O Ne2+ 19. Kc2 Nxf4 20. Bxf4 exf4
21. Ng5 Rh5 22. Rde1+ Be5 23. Nf3 O-O-O 0-1

[Event "2BLS 1718 SC Böblingen - OSG Baden Bad"]
[Site "?"]
[Date "2017.11.11"]
[Round "3.7"]
[White "Kachiani-Gersinska, Ketino"]
[Black "Bauer, Peter"]
[Result "1-0"]
[WhiteElo "2338"]
[BlackElo "2199"]
[PlyCount "91"]
[EventDate "2017.??.??"]

1. d4 Nf6 2. Nf3 d5 3. c4 c6 4. e3 e6 5. Bd3 dxc4 6. Bxc4 b5 7. Bd3 a6 8. a4
Bb7 9. Nbd2 Nbd7 10. axb5 cxb5 11. Qe2 Nd5 12. O-O Be7 13. Rd1 O-O 14. Nb3 Nb4
15. Bb1 Rc8 16. e4 Qc7 17. Bd2 Qb8 18. Bc3 Nb6 19. Nc5 Rxc5 20. dxc5 Bxc5 21.
Ne5 Rd8 22. Rxd8+ Qxd8 23. Qh5 f6 24. Bxb4 Bxb4 25. Qf7+ Kh8 26. Bc2 Qe7 27.
Qxe7 Bxe7 28. Nf3 e5 29. Nd2 Kg8 30. Bb3+ Kf8 31. Rc1 Bd6 32. f3 Ke7 33. Nf1 g6
34. Ne3 a5 35. Kf1 a4 36. Nd5+ Nxd5 37. Bxd5 Bxd5 38. exd5 f5 39. Ke2 e4 40.
fxe4 fxe4 41. Rc6 Kd7 42. Rb6 Bxh2 43. Rxb5 Kd6 44. Ke3 Ke5 45. d6+ Kxd6 46.
Kxe4 1-0

[Event "2BLS 1718 SC Böblingen - OSG Baden Bad"]
[Site "?"]
[Date "2017.11.11"]
[Round "3.8"]
[White "Bathray, Johannes"]
[Black "Dinger, Florian"]
[Result "1/2-1/2"]
[WhiteElo "2156"]
[BlackElo "2333"]
[PlyCount "27"]
[EventDate "2017.??.??"]

1. d4 Nf6 2. c4 e6 3. Nc3 Bb4 4. Qc2 O-O 5. Nf3 c5 6. dxc5 Bxc5 7. Bg5 Be7 8.
e4 d6 9. Rd1 Qb6 10. Be3 Qa5 11. Bd2 Qb6 12. Be3 Qa5 13. Bd2 Qb6 14. Be3
1/2-1/2

[Event "2BLS 1718 TSV Schönaich - SC Emmending"]
[Site "?"]
[Date "2017.11.11"]
[Round "3.1"]
[White "Sethuraman, S.P."]
[Black "Hirneise, Tobias"]
[Result "1-0"]
[WhiteElo "2632"]
[BlackElo "2459"]
[PlyCount "77"]
[EventDate "2017.??.??"]

1. e4 e5 2. Nf3 Nc6 3. Bc4 Bc5 4. d3 Nf6 5. c3 a6 6. Bg5 Be7 7. Nbd2 h6 8. Bh4
d6 9. a4 O-O 10. Bg3 Be6 11. Bxe6 fxe6 12. O-O Nh5 13. Nxe5 dxe5 14. Qxh5 Qxd3
15. Rfd1 Rad8 16. Qg4 Qc2 17. Nc4 Rxd1+ 18. Rxd1 Bc5 19. Rf1 Kh7 20. h4 Qxa4
21. Qxe6 Qc2 22. Qd5 Bb6 23. Nxe5 Nxe5 24. Qxe5 Qxb2 25. Qe7 Kg8 26. Qe6+ Kh7
27. Qe7 Kg8 28. Be5 Rf7 29. Qe8+ Rf8 30. Qe6+ Rf7 31. Qe8+ Rf8 32. Qg6 Rf7 33.
Bg3 Qc2 34. h5 Re7 35. Bh4 Rf7 36. e5 Qxg6 37. hxg6 Rf4 38. Rd1 c6 39. e6 1-0

[Event "2BLS 1718 TSV Schönaich - SC Emmending"]
[Site "?"]
[Date "2017.11.11"]
[Round "3.2"]
[White "Volke, Karsten"]
[Black "Rausis, Igors"]
[Result "0-1"]
[WhiteElo "2473"]
[BlackElo "2632"]
[PlyCount "90"]
[EventDate "2017.??.??"]

1. d4 d5 2. c4 dxc4 3. e4 e5 4. Nf3 exd4 5. Bxc4 Nc6 6. O-O Be6 7. Bb5 Bc5 8.
b4 Bb6 9. a4 a6 10. Bxc6+ bxc6 11. Bb2 Nf6 12. a5 Ba7 13. Bxd4 Nxe4 14. Re1 Ng5
15. Nxg5 Bxd4 16. Nxe6 fxe6 17. Ra2 O-O 18. Qg4 Qd5 19. Qxe6+ Qxe6 20. Rxe6
Rab8 21. Rxc6 Rxb4 22. Na3 Rf5 23. Rxc7 Rxa5 24. Re2 h6 25. Re8+ Kh7 26. Nc2
Ra1+ 27. Re1 Rxe1+ 28. Nxe1 Rb2 29. Rc2 a5 30. Rxb2 Bxb2 31. Nd3 a4 32. Kf1 a3
33. Nb4 Kg6 34. Ke2 Bd4 35. Na2 Kf5 36. Nb4 Bc5 37. Na2 Ke5 38. h3 Kd4 39. Kd2
Ke4 40. Nc3+ Ke5 41. Ke2 Kd4 42. Na2 Kc4 43. f4 Kb3 44. Nc1+ Kc2 45. Nd3 a2 0-1

[Event "2BLS 1718 TSV Schönaich - SC Emmending"]
[Site "?"]
[Date "2017.11.11"]
[Round "3.3"]
[White "Hera, Imre"]
[Black "Hirneise, Jens"]
[Result "1-0"]
[WhiteElo "2619"]
[BlackElo "2359"]
[PlyCount "91"]
[EventDate "2017.??.??"]

1. c4 g6 2. Nc3 Bg7 3. g3 c5 4. Bg2 Nc6 5. d3 d6 6. e3 Nf6 7. Nge2 O-O 8. O-O
Qd7 9. e4 Ne8 10. f4 f5 11. Be3 Nd4 12. Rb1 Nc7 13. b4 Rb8 14. bxc5 dxc5 15. e5
b6 16. Bxd4 cxd4 17. Nb5 Ne6 18. Bd5 Bb7 19. Qb3 Kh8 20. Nbxd4 Nc7 21. Bxb7
Rxb7 22. c5 Rbb8 23. c6 Qc8 24. Qa3 a6 25. Qxe7 Rd8 26. Rfc1 Rd5 27. Qf7 b5 28.
h4 Qd8 29. Ne6 Nxe6 30. Qxe6 Qb6+ 31. d4 Rdd8 32. Qe7 Bf8 33. Qf7 Rbc8 34. c7
Re8 35. Qxe8 Rxe8 36. c8=Q Rxc8 37. Rxc8 Kg7 38. Rbc1 Ba3 39. R1c7+ Kh6 40. h5
Bf8 41. hxg6 hxg6 42. Rf7 Kh5 43. Kf2 Kg4 44. Rf6 Qb7 45. Rxg6+ Kh3 46. Ng1+
1-0

[Event "2BLS 1718 TSV Schönaich - SC Emmending"]
[Site "?"]
[Date "2017.11.11"]
[Round "3.4"]
[White "Menezes, Christoph"]
[Black "Korpa, Bence"]
[Result "1-0"]
[WhiteElo "2373"]
[BlackElo "2482"]
[PlyCount "91"]
[EventDate "2017.??.??"]

1. Nf3 c5 2. c4 Nf6 3. Nc3 d5 4. cxd5 Nxd5 5. e3 e6 6. Nxd5 exd5 7. b4 c4 8.
Bb2 f6 9. Nd4 Nc6 10. b5 Nxd4 11. Bxd4 Be6 12. g3 Qd7 13. a4 Bg4 14. Be2 h5 15.
Bxg4 hxg4 16. f3 Bd6 17. O-O Qf5 18. fxg4 Qh7 19. h4 Bxg3 20. h5 O-O-O 21. Qb1
Qxb1 22. Raxb1 b6 23. Rf5 Kb7 24. Kg2 Bh4 25. Rh1 Bg5 26. Rxg5 fxg5 27. Rf1 Rd7
28. Rf5 Rh7 29. Rxg5 Kc7 30. Rg6 Kd8 31. Kg3 Ke8 32. a5 bxa5 33. Ra6 Rh6 34.
Rxa5 g6 35. Ra6 Kf7 36. Bxa7 Rb7 37. Bd4 Rxb5 38. Rf6+ Kg8 39. hxg6 Rb8 40. Rd6
Rc8 41. Kf4 Rh2 42. Bc3 Kf8 43. Rxd5 Ke7 44. Re5+ Kd7 45. Rf5 Ke6 46. Rg5 1-0

[Event "2BLS 1718 TSV Schönaich - SC Emmending"]
[Site "?"]
[Date "2017.11.11"]
[Round "3.5"]
[White "Sokolov, Andrei"]
[Black "Schnadt, Florian"]
[Result "1-0"]
[WhiteElo "2496"]
[BlackElo "2112"]
[PlyCount "61"]
[EventDate "2017.??.??"]

1. e4 c5 2. Nf3 e6 3. d4 cxd4 4. Nxd4 a6 5. Bd3 Qc7 6. O-O Nf6 7. Qe2 d6 8. c4
Be7 9. b3 O-O 10. Bb2 b6 11. Nc3 Bb7 12. Rac1 Nc6 13. Nd5 exd5 14. cxd5 Nxd4
15. Rxc7 Nxe2+ 16. Bxe2 Bxd5 17. Rxe7 Nxe4 18. Bf3 Nc5 19. Rd1 Rfe8 20. Rxe8+
Rxe8 21. Be2 Bb7 22. Rxd6 b5 23. Bd4 Ne4 24. Be5 Rc8 25. a4 bxa4 26. bxa4 Kf8
27. Rb6 Ba8 28. a5 Ke8 29. Bd3 h6 30. Rb7 Bxb7 31. Bxe4 1-0

[Event "2BLS 1718 TSV Schönaich - SC Emmending"]
[Site "?"]
[Date "2017.11.11"]
[Round "3.6"]
[White "Reck, Moritz"]
[Black "Cvitan, Ognjen"]
[Result "0-1"]
[WhiteElo "2060"]
[BlackElo "2478"]
[PlyCount "47"]
[EventDate "2017.??.??"]

1. e4 c5 2. Nf3 Nc6 3. d4 cxd4 4. Nxd4 g6 5. Nc3 Bg7 6. Be3 Nf6 7. Nxc6 bxc6 8.
e5 Ng8 9. Bd4 f6 10. f4 Qa5 11. b4 Qc7 12. Qe2 fxe5 13. fxe5 Nh6 14. Ne4 Bxe5
15. O-O-O Nf5 16. Bxe5 Qxe5 17. g4 Nd4 18. Qd3 Ne6 19. Nd2 O-O 20. Nc4 Qf4+ 21.
Kb2 d5 22. Ne3 Qe5+ 23. Kc1 Rb8 24. h4 0-1

[Event "2BLS 1718 TSV Schönaich - SC Emmending"]
[Site "?"]
[Date "2017.11.11"]
[Round "3.7"]
[White "Miezis, Normunds"]
[Black "Steinhart, Christoph"]
[Result "1-0"]
[WhiteElo "2420"]
[BlackElo "1980"]
[PlyCount "65"]
[EventDate "2017.??.??"]

1. c4 e5 2. Nc3 Nf6 3. g3 d5 4. cxd5 Nxd5 5. Bg2 Nb6 6. Nf3 Nc6 7. Rb1 Be6 8.
O-O Be7 9. b4 a6 10. a3 O-O 11. d3 f6 12. Ne4 Nd5 13. Qc2 g5 14. Bb2 g4 15.
Nfd2 Nd4 16. Bxd4 exd4 17. Nb3 Nb6 18. Nec5 Bd5 19. Nxb7 Qc8 20. Bxd5+ Nxd5 21.
Qc6 Nc3 22. Rbc1 Nb5 23. a4 Na7 24. Qc4+ Kg7 25. N7c5 Bxc5 26. Nxc5 Re8 27.
Qxa6 Qxa6 28. Nxa6 Re7 29. Rfe1 Nc8 30. Nxc7 Rxa4 31. Nd5 Re8 32. Rc7+ Kg6 33.
Rxc8 1-0

[Event "2BLS 1718 TSV Schönaich - SC Emmending"]
[Site "?"]
[Date "2017.11.11"]
[Round "3.8"]
[White "Kuebler, Marcus"]
[Black "Lodici, Lorenzo"]
[Result "0-1"]
[WhiteElo "2011"]
[BlackElo "2407"]
[PlyCount "74"]
[EventDate "2017.??.??"]

1. Nf3 f5 2. d4 Nf6 3. g3 g6 4. Bg2 Bg7 5. O-O O-O 6. b3 d6 7. Bb2 h6 8. Nbd2
g5 9. c4 c6 10. Qc2 Na6 11. e3 Qe8 12. Bc3 Nc7 13. b4 b5 14. cxb5 cxb5 15. Nb3
Bb7 16. d5 Ncxd5 17. Bxf6 Bxf6 18. Nbd4 e6 19. Qb3 g4 20. Nh4 Bxd4 21. exd4 Rc8
22. Rac1 Qf7 23. Qd3 a6 24. Qd2 Kg7 25. f3 gxf3 26. Bxf3 Nf6 27. Rxc8 Rxc8 28.
Qg2 Bxf3 29. Qxf3 Rc2 30. a3 Qc7 31. d5 Ng4 32. Ng2 Qb6+ 33. Kh1 Nf2+ 34. Kg1
Ne4+ 35. Kh1 Rf2 36. Rxf2 Nxf2+ 37. Kg1 Nh3+ 0-1

[Event "2BLS 1718 SV Griesheim - SC Eppingen"]
[Site "?"]
[Date "2017.11.11"]
[Round "3.1"]
[White "Noe, Christopher"]
[Black "Bulski, Krzysztof"]
[Result "1/2-1/2"]
[WhiteElo "2471"]
[BlackElo "2536"]
[PlyCount "91"]
[EventDate "2017.??.??"]

1. d4 Nf6 2. c4 g6 3. f3 d5 4. cxd5 c6 5. dxc6 Nxc6 6. e3 e5 7. dxe5 Qa5+ 8.
Nc3 Qxe5 9. Bb5 Bc5 10. Nge2 Bxe3 11. Bxe3 Qxe3 12. Qd6 Qe6 13. Bxc6+ bxc6 14.
O-O-O Nd5 15. Qa3 Qe3+ 16. Rd2 Nxc3 17. Nxc3 Qe7 18. Qd6 Qxd6 19. Rxd6 Be6 20.
Rxc6 Kd7 21. Rc5 Rhc8 22. Rd1+ Ke7 23. Ra5 Rc6 24. Rd4 a6 25. Kd2 Rb8 26. b3
Rbc8 27. Rd3 h5 28. Ra4 Bf5 29. Re3+ Kd7 30. Rd4+ Rd6 31. Rxd6+ Kxd6 32. Ne4+
Kd5 33. Rc3 Rxc3 34. Kxc3 Bxe4 35. fxe4+ Kxe4 36. b4 h4 37. a4 h3 38. gxh3 g5
39. b5 axb5 40. axb5 Kd5 41. Kd3 f5 42. h4 gxh4 43. Ke3 Kc5 44. Kf4 Kxb5 45.
Kxf5 Kc5 46. Kg4 1/2-1/2

[Event "2BLS 1718 SV Griesheim - SC Eppingen"]
[Site "?"]
[Date "2017.11.11"]
[Round "3.2"]
[White "Tazbir, Marcin"]
[Black "Mesaros, Florian"]
[Result "1/2-1/2"]
[WhiteElo "2513"]
[BlackElo "2409"]
[PlyCount "78"]
[EventDate "2017.??.??"]

1. e4 e5 2. Nf3 Nc6 3. Bb5 a6 4. Ba4 Nf6 5. O-O Be7 6. Re1 b5 7. Bb3 d6 8. c3
O-O 9. h3 Bb7 10. d4 Re8 11. Ng5 Rf8 12. Nf3 Re8 13. Nbd2 Nd7 14. Nf1 exd4 15.
cxd4 Na5 16. Bc2 Bf6 17. b3 c5 18. Bb2 Nc6 19. Qd2 Rc8 20. Rad1 cxd4 21. Bb1
Nc5 22. Nxd4 Nxd4 23. Bxd4 Be5 24. Bxe5 dxe5 25. Qxd8 Rexd8 26. f3 Ne6 27. Kf2
Kf8 28. Ng3 g6 29. Ne2 Nc5 30. Rxd8+ Rxd8 31. Rc1 Ne6 32. Ke3 Ke7 33. h4 Rc8
34. Rxc8 Bxc8 35. b4 Nc7 36. Nc1 Na8 37. Nd3 Kd6 38. a3 Nb6 39. Ba2 Be6 1/2-1/2

[Event "2BLS 1718 SV Griesheim - SC Eppingen"]
[Site "?"]
[Date "2017.11.11"]
[Round "3.3"]
[White "Medvegy, Zoltan"]
[Black "Walter, Stefan"]
[Result "1-0"]
[WhiteElo "2550"]
[BlackElo "2404"]
[PlyCount "135"]
[EventDate "2017.??.??"]

1. c4 e6 2. Nc3 d5 3. d4 Be7 4. cxd5 exd5 5. Bf4 c6 6. e3 Bd6 7. Bxd6 Qxd6 8.
Bd3 Ne7 9. Qc2 Bg4 10. Nge2 Bxe2 11. Nxe2 Nd7 12. O-O g6 13. b4 O-O 14. b5 c5
15. dxc5 Nxc5 16. Rfd1 Rac8 17. Qb2 Rfd8 18. Bc2 Qb6 19. Rab1 Ne6 20. a4 Rd6
21. Bb3 Rcd8 22. h3 R8d7 23. Qe5 a6 24. Nc3 Qd8 25. e4 d4 26. Nd5 Nxd5 27. Bxd5
axb5 28. axb5 Qb6 29. h4 Qd8 30. g3 Rxd5 31. exd5 Rxd5 32. Qe4 Nc5 33. Qf3 Rf5
34. Qg4 d3 35. Rb4 h5 36. Qd4 Rd5 37. Qe3 Kg7 38. b6 Qd6 39. Rb5 Qc6 40. Rb4
Qd6 41. Qf4 Qd7 42. Rc4 Ne6 43. Qe3 Qd6 44. Rc8 Kh7 45. Kg2 Kg7 46. Kg1 Kh7 47.
Qe4 Kg7 48. Qc4 Rd4 49. Qc3 Qxb6 50. Rc4 Kf6 51. Rxd4 Qxd4 52. Qxd3 Qxd3 53.
Rxd3 Ke5 54. Rb3 Nd8 55. Rd3 Ne6 56. Rb3 Nd8 57. Kf1 Kd4 58. Ke2 Kc4 59. Rd3
Ne6 60. Rd7 b5 61. Rxf7 b4 62. Kd2 Nc5 63. Rg7 Ne4+ 64. Ke3 Nc3 65. Kd2 Ne4+
66. Kc2 Nxf2 67. Rxg6 b3+ 68. Kb2 1-0

[Event "2BLS 1718 SV Griesheim - SC Eppingen"]
[Site "?"]
[Date "2017.11.11"]
[Round "3.4"]
[White "Baskin, Robert"]
[Black "Guliyev, Namig"]
[Result "1-0"]
[WhiteElo "2311"]
[BlackElo "2565"]
[PlyCount "67"]
[EventDate "2017.??.??"]

1. e4 c5 2. Nf3 e6 3. d4 cxd4 4. Nxd4 Nf6 5. Nc3 d6 6. g4 h6 7. h4 Nc6 8. Rg1
h5 9. gxh5 Nxh5 10. Bg5 Nf6 11. Qd2 Qb6 12. Nb3 a6 13. O-O-O Qc7 14. Bg2 Bd7
15. f4 Nh7 16. f5 Rc8 17. Bf4 Ne5 18. fxe6 fxe6 19. Bh3 Nf6 20. Qg2 Rxh4 21.
Bg5 Rh8 22. Nd4 Qc4 23. Nf3 b5 24. Nxe5 dxe5 25. Bxf6 gxf6 26. Qg6+ Ke7 27.
Rxd7+ Kxd7 28. Qf7+ Kc6 29. Bxe6 Qd4 30. Rd1 Bh6+ 31. Kb1 Bd2 32. Bxc8 Bxc3 33.
Qb7+ Kc5 34. Qc7+ 1-0

[Event "2BLS 1718 SV Griesheim - SC Eppingen"]
[Site "?"]
[Date "2017.11.11"]
[Round "3.5"]
[White "Juhasz, Armin"]
[Black "Spitzl, Vinzent"]
[Result "0-1"]
[WhiteElo "2370"]
[BlackElo "2300"]
[PlyCount "144"]
[EventDate "2017.??.??"]

1. Nf3 d5 2. d4 Nf6 3. c4 e6 4. Nc3 Bb4 5. Qb3 c5 6. dxc5 Na6 7. a3 Bxc3+ 8.
Qxc3 Nxc5 9. cxd5 Qxd5 10. Be3 Nce4 11. Qd4 O-O 12. g3 Rd8 13. Bg2 b6 14. Qxd5
Nxd5 15. Ne5 Nxe3 16. Bxe4 Bb7 17. Bxb7 Nc2+ 18. Kf1 Nxa1 19. Bxa8 Rxa8 20. Kg2
Nb3 21. Rd1 f6 22. Nc6 Na5 23. Nd8 e5 24. Rd7 Nc4 25. b3 Nxa3 26. Ne6 g6 27.
Rg7+ Kh8 28. Rf7 a5 29. Rxf6 b5 30. Rf3 Nb1 31. Nc7 Rb8 32. Rf7 Kg8 33. Rd7 Rb7
34. Rd8+ Kf7 35. Rd7+ Kg8 36. Rd8+ Kf7 37. Rd7+ Kg8 38. Rd8+ Kf7 39. Nd5 Ra7
40. Nb6 a4 41. bxa4 bxa4 42. Rd1 Nc3 43. Rd3 Nb5 44. Nxa4 Rxa4 45. Rd5 Nc3 46.
Rxe5 Re4 47. Rxe4 Nxe4 48. Kf3 Nc5 49. h4 Kf6 50. Kf4 h6 51. f3 Nb3 52. e4 Nc5
53. Ke3 Ne6 54. f4 Nd8 55. g4 Ke6 56. Kf3 Nc6 57. Ke3 Ne7 58. Kf3 Kd6 59. Ke3
Kc5 60. Kd3 Nc6 61. Ke3 Nd4 62. g5 h5 63. f5 Nc6 64. Kf4 Kd6 65. fxg6 Ne7 66.
g7 Ke6 67. g6 Kf6 68. e5+ Kxg6 69. e6 Kf6 70. Kf3 Kxg7 71. Ke4 Kf6 72. Kf4 Ng6+
0-1

[Event "2BLS 1718 SV Griesheim - SC Eppingen"]
[Site "?"]
[Date "2017.11.11"]
[Round "3.6"]
[White "Grabarczyk, Bogdan"]
[Black "Hacker, Jonas"]
[Result "1/2-1/2"]
[WhiteElo "2389"]
[BlackElo "2297"]
[PlyCount "150"]
[EventDate "2017.??.??"]

1. e4 e5 2. Nc3 Nf6 3. g3 d5 4. exd5 Nxd5 5. Bg2 Nb6 6. Nf3 Nc6 7. O-O Bd6 8.
d4 O-O 9. dxe5 Nxe5 10. Nxe5 Bxe5 11. Qh5 Qf6 12. Ne4 Qf5 13. Ng5 h6 14. Be4
Qg4 15. Qxg4 Bxg4 16. Nf3 Bf6 17. Bxb7 Rab8 18. Bc6 Nc4 19. Kg2 Nxb2 20. Be3 a6
21. Ba7 Rbc8 22. h3 Bxf3+ 23. Bxf3 c5 24. Rab1 Nc4 25. Rb7 Nd2 26. Rd1 Nxf3 27.
Kxf3 Bd4 28. Rb6 a5 29. Rd3 Rfe8 30. Rb5 Re6 31. Kg2 Re2 32. Rf3 Rxc2 33. Rxa5
Re8 34. Rf5 Ra8 35. a4 g6 36. Rf4 Re8 37. Rxd4 cxd4 38. Bxd4 Rc4 39. Be3 g5 40.
Ra6 Re6 41. Ra8+ Kg7 42. a5 Ra4 43. Ra7 Kg6 44. g4 Rf6 45. Ra8 Re6 46. Ra7 f5
47. gxf5+ Kxf5 48. Bb6 Kg6 49. Rd7 Ra3 50. Rd5 Rc6 51. Rb5 Kh5 52. Be3 Rc2 53.
Bc5 Ra4 54. Be3 Rca2 55. Bb6 R2a3 56. Bc7 Rc3 57. Be5 Rc2 58. Rb6 g4 59. hxg4+
Rxg4+ 60. Kf3 Rg6 61. Rb1 Re6 62. Bf4 Kg6 63. Ra1 Ra6 64. Be3 Rcc6 65. Rh1 Rf6+
66. Ke4 Rae6+ 67. Kd5 Kf7 68. Rh5 Rc6 69. Rh1 Rfd6+ 70. Ke4 Ke8 71. Rb1 Kd7 72.
Rb7+ Kc8 73. Rh7 Re6+ 74. Kf5 Rf6+ 75. Ke5 Rfe6+ 1/2-1/2

[Event "2BLS 1718 SV Griesheim - SC Eppingen"]
[Site "?"]
[Date "2017.11.11"]
[Round "3.7"]
[White "Bilchinski, Anton"]
[Black "Koehler, Ronald"]
[Result "0-1"]
[WhiteElo "2309"]
[BlackElo "2265"]
[PlyCount "51"]
[EventDate "2017.??.??"]

1. d4 Nf6 2. c4 e6 3. Nc3 c5 4. d5 exd5 5. cxd5 d6 6. Nf3 g6 7. Bf4 Bg7 8. Qa4+
Bd7 9. Qb3 b5 10. Bxd6 Qb6 11. Be5 O-O 12. e3 b4 13. Ne2 Bg4 14. Nd2 Qd8 15. f3
Bc8 16. Nc4 Nbd7 17. Bd6 Re8 18. Rd1 Ba6 19. Ng3 Bh6 20. e4 Rc8 21. Ne3 Qb6 22.
Nef5 gxf5 23. Nxf5 Bg5 24. Bxa6 Qxa6 25. Ne7+ Kg7 26. Nf5+ {ZU} 0-1

[Event "2BLS 1718 SV Griesheim - SC Eppingen"]
[Site "?"]
[Date "2017.11.11"]
[Round "3.8"]
[White "Nothnagel, Marian Can"]
[Black "Gibicar, Danijel"]
[Result "1-0"]
[WhiteElo "2178"]
[BlackElo "2267"]
[PlyCount "105"]
[EventDate "2017.??.??"]

1. e4 e6 2. d4 d5 3. Nd2 a6 4. Ngf3 c5 5. dxc5 Bxc5 6. Bd3 Nc6 7. O-O Qc7 8. a3
Nf6 9. b4 dxe4 10. Nxe4 Nxe4 11. Bxe4 Be7 12. Bb2 Bf6 13. Bxf6 gxf6 14. Bxc6+
bxc6 15. Nd2 f5 16. Nc4 Qf4 17. Qd3 O-O 18. Rad1 f6 19. Qc3 Ra7 20. Nd6 Rg7 21.
Nxc8 Rxc8 22. g3 Qe5 23. Qc4 Qe4 24. Rd4 Qe5 25. Rfd1 Rgc7 26. Rd8+ Rxd8 27.
Rxd8+ Kf7 28. Qxa6 c5 29. Qd3 cxb4 30. Rd7+ Rxd7 31. Qxd7+ Kf8 32. Qc8+ Kg7 33.
Qb7+ Kg6 34. Qxb4 Qd5 35. Qb3 Qd1+ 36. Kg2 Qe2 37. Qd3 Qe1 38. c4 e5 39. c5 Qc1
40. Qe3 Qc4 41. f3 Qa2+ 42. Qf2 Qxa3 43. Qc2 Qe3 44. c6 e4 45. fxe4 fxe4 46.
Qd1 h5 47. c7 Qc3 48. Qd7 Qf3+ 49. Kh3 f5 50. Qd6+ Kg7 51. Qf4 Qc3 52. Qg5+ Kh8
53. Qd8+ 1-0

[Event "2BLS 1718 SC Heusenstamm - SC Untergrom"]
[Site "?"]
[Date "2017.11.11"]
[Round "3.2"]
[White "Wieczorek, Oskar"]
[Black "Velten, Paul"]
[Result "1/2-1/2"]
[WhiteElo "2455"]
[BlackElo "2444"]
[PlyCount "132"]
[EventDate "2017.??.??"]

1. e4 e6 2. d4 d5 3. Nc3 Nc6 4. e5 Nge7 5. Nf3 Nf5 6. h4 b6 7. Bg5 f6 8. exf6
gxf6 9. Bb5 Bd7 10. Bxc6 Bxc6 11. Ne5 Ng7 12. Nxc6 Qd7 13. Bxf6 Qxc6 14. Rh3
Qd7 15. Rg3 Qf7 16. Be5 O-O-O 17. Qd3 Kb7 18. O-O-O Nf5 19. Bxh8 Nxg3 20. Be5
Nf5 21. g3 Rc8 22. Qf3 Qd7 23. Ne2 a5 24. Nf4 a4 25. Kb1 a3 26. b3 Ka7 27. h5
c5 28. dxc5 Bxc5 29. g4 Ne7 30. Nd3 Bd6 31. Qf4 Bxe5 32. Qxe5 Nc6 33. Qf6 Qc7
34. Qf4 e5 35. Qa4+ Kb8 36. Qxa3 e4 37. Ne1 d4 38. Qa4 Qf4 39. Rxd4 Nxd4 40.
Qxd4 Qxg4 41. Qxb6+ Ka8 42. Qa6+ Kb8 43. Qb6+ Ka8 44. Qa5+ Kb8 45. Qb4+ Ka7 46.
Qa4+ Kb8 47. Qb4+ Ka7 48. f3 Qxh5 49. Qxe4 Qf7 50. Nd3 h5 51. Nb4 Re8 52. Qd4+
Kb7 53. Nd5 h4 54. Qb6+ Kc8 55. Qa6+ Kb8 56. Qb5+ Kc8 57. Qc4+ Kb8 58. Qb4+ Kc8
59. Qc5+ Kb8 60. Qd6+ Kb7 61. Qb6+ Kc8 62. Qa6+ Kb8 63. Qb5+ Kc8 64. Qc4+ Kb8
65. Qb4+ Kc8 66. Qc4+ Kb8 1/2-1/2

[Event "2BLS 1718 SC Heusenstamm - SC Untergrom"]
[Site "?"]
[Date "2017.11.11"]
[Round "3.3"]
[White "Rogic, Davor"]
[Black "Poetsch, Hagen"]
[Result "1/2-1/2"]
[WhiteElo "2498"]
[BlackElo "2483"]
[PlyCount "117"]
[EventDate "2017.??.??"]

1. e4 e6 2. d4 d5 3. Nd2 c5 4. exd5 Qxd5 5. Ngf3 cxd4 6. Bc4 Qd8 7. O-O Nc6 8.
Nb3 a6 9. Re1 Bb4 10. Bd2 Be7 11. Bf4 Bf6 12. Qd2 Nge7 13. Rad1 b5 14. Bf1 O-O
15. Nfxd4 Nxd4 16. Nxd4 Qd5 17. Qb4 Qxa2 18. Bd6 Re8 19. Nxb5 Nd5 20. Rxd5 Qxd5
21. Nc7 Qc6 22. Nxe8 Qxe8 23. Bd3 Bd7 24. Qb6 Rc8 25. Bc7 Bb5 26. c4 Qd7 27.
cxb5 axb5 28. Bd6 Rc6 29. Qb8+ Rc8 30. Qb6 Rc6 31. Qb8+ Rc8 32. Bxb5 Rxb8 33.
Bxd7 Rd8 34. Bxe6 fxe6 35. Bb4 Bxb2 36. Rxe6 Rd4 37. Be1 Rd1 38. f4 Kf7 39. Re4
Bc3 40. Kf2 Bxe1+ 41. Rxe1 Rd4 42. Kf3 h5 43. Re5 g6 44. Rg5 Kf6 45. h4 Ra4 46.
g3 Ra3+ 47. Kg2 Ra2+ 48. Kg1 Ra1+ 49. Kh2 Ra2+ 50. Kh3 Ra3 51. Re5 Ra2 52. Re3
Kf5 53. Re8 Kf6 54. Rf8+ Kg7 55. Rd8 Kf6 56. Rd1 Kf5 57. Rd5+ Kf6 58. Rg5 Ra3
59. Re5 1/2-1/2

[Event "2BLS 1718 SC Heusenstamm - SC Untergrom"]
[Site "?"]
[Date "2017.11.11"]
[Round "3.4"]
[White "Krejci, Jan"]
[Black "Maier, Christian"]
[Result "1-0"]
[WhiteElo "2551"]
[BlackElo "2399"]
[PlyCount "69"]
[EventDate "2017.??.??"]

1. d4 Nf6 2. c4 g6 3. g3 Bg7 4. Bg2 O-O 5. Nc3 d6 6. Nf3 Nbd7 7. O-O e5 8. e4
exd4 9. Nxd4 Re8 10. h3 Nc5 11. Re1 c6 12. Nb3 Be6 13. Qe2 Nfd7 14. Nxc5 dxc5
15. Be3 Bd4 16. Rad1 Nb6 17. b3 f5 18. Qd2 Bxe3 19. Qxe3 Qf6 20. exf5 Bxf5 21.
Qxe8+ Rxe8 22. Rxe8+ Kg7 23. Re3 Nd7 24. Ne4 Qb2 25. g4 Ne5 26. gxf5 gxf5 27.
Nxc5 Ng6 28. Nxb7 f4 29. Re4 Qxa2 30. Nc5 Kh6 31. Rd6 Qa3 32. Rxc6 Qc1+ 33. Bf1
Kg5 34. Rxg6+ hxg6 35. Rxf4 1-0

[Event "2BLS 1718 SC Heusenstamm - SC Untergrom"]
[Site "?"]
[Date "2017.11.11"]
[Round "3.5"]
[White "Fuchs, Heinz"]
[Black "Klekowski, Maciej"]
[Result "1-0"]
[WhiteElo "2251"]
[BlackElo "2484"]
[PlyCount "81"]
[EventDate "2017.??.??"]

1. d4 Nf6 2. c4 e6 3. Nf3 b6 4. a3 Bb7 5. Nc3 d5 6. cxd5 Nxd5 7. Qc2 Be7 8. e4
Nxc3 9. bxc3 O-O 10. Bd3 c5 11. O-O cxd4 12. cxd4 Nd7 13. Bb2 Rc8 14. Qe2 Qc7
15. Rfe1 Qb8 16. Rad1 Rfd8 17. Bb1 Re8 18. Qb5 Bc6 19. Qh5 Ba4 20. Rc1 h6 21.
e5 Qb7 22. Be4 Qa6 23. d5 Nc5 24. dxe6 Nxe6 25. Qf5 g6 26. Qh3 Bf8 27. Qg3 Bg7
28. h4 Nc5 29. Bd5 Rcd8 30. Bc4 Bb5 31. Ba2 Ne6 32. h5 g5 33. Bxe6 Rxe6 34. Nd4
Ree8 35. Nf5 Rd3 36. Qg4 Bd7 37. Rc7 Be6 38. Qe4 Red8 39. Nxg7 Kxg7 40. Qg6+
Kh8 41. Rxf7 1-0

[Event "2BLS 1718 SC Heusenstamm - SC Untergrom"]
[Site "?"]
[Date "2017.11.11"]
[Round "3.6"]
[White "Weichhold, Pawel"]
[Black "Sieglen, Joachim"]
[Result "1/2-1/2"]
[WhiteElo "2424"]
[BlackElo "2232"]
[PlyCount "89"]
[EventDate "2017.??.??"]

1. e4 e6 2. d4 d5 3. Nc3 Bb4 4. e5 c5 5. a3 Bxc3+ 6. bxc3 Ne7 7. h4 Nbc6 8. h5
Qa5 9. Bd2 cxd4 10. cxd4 Qa4 11. Bd3 h6 12. Nf3 Nxd4 13. Kf1 Nxf3 14. Qxf3 Bd7
15. Qg3 Bb5 16. Qxg7 Bxd3+ 17. cxd3 Rg8 18. Qxh6 Qd4 19. Re1 Qxd3+ 20. Kg1 Nf5
21. Qf4 O-O-O 22. Be3 Kb8 23. h6 Rg6 24. h7 Rh8 25. Bc5 b6 26. Qb4 Kb7 27. Rb1
Qc4 28. Qxc4 dxc4 29. Bf8 Nd4 30. Kf1 Nc6 31. Re1 c3 32. f4 Nb8 33. Kf2 Nd7 34.
Be7 Rg7 35. Rd1 Nc5 36. Bxc5 bxc5 37. Rd7+ Kc6 38. Rd3 Rhxh7 39. Rg1 Rh4 40.
Kf3 Rh3+ 41. gxh3 Rxg1 42. Rxc3 Rg6 43. Rc1 f6 44. exf6 Rxf6 45. Kg4 1/2-1/2

[Event "2BLS 1718 SC Heusenstamm - SC Untergrom"]
[Site "?"]
[Date "2017.11.11"]
[Round "3.7"]
[White "Schneider, Bernd"]
[Black "Barski, Radoslaw"]
[Result "0-1"]
[WhiteElo "2291"]
[BlackElo "2443"]
[PlyCount "66"]
[EventDate "2017.??.??"]

1. e4 c5 2. Nf3 Nc6 3. d4 cxd4 4. Nxd4 Nf6 5. Nc3 e5 6. Ndb5 d6 7. Bg5 a6 8.
Bxf6 gxf6 9. Na3 b5 10. Nd5 f5 11. g3 fxe4 12. Bg2 Bg7 13. Bxe4 Be6 14. c3 O-O
15. Nc2 f5 16. Bg2 Kh8 17. O-O a5 18. Re1 Rc8 19. a4 b4 20. cxb4 e4 21. bxa5
Nxa5 22. Nce3 Nc4 23. Nxc4 Rxc4 24. Nf4 Bf7 25. Bh3 Be5 26. Ng2 Qg5 27. a5 Rd4
28. Qc1 Qh5 29. Nh4 f4 30. Ra3 Bd5 31. Rf1 Rg8 32. Ng2 e3 33. Nxe3 fxe3 0-1

[Event "2BLS 1718 SC Heusenstamm - SC Untergrom"]
[Site "?"]
[Date "2017.11.11"]
[Round "3.8"]
[White "Zuyev, Igor"]
[Black "Cofman, Veaceslav"]
[Result "1-0"]
[WhiteElo "2430"]
[BlackElo "2181"]
[PlyCount "55"]
[EventDate "2017.??.??"]

1. e4 e6 2. d4 d5 3. Nc3 Nf6 4. Bg5 Be7 5. e5 Nfd7 6. Bxe7 Qxe7 7. f4 a6 8. Nf3
c5 9. dxc5 Qxc5 10. Qd2 Nc6 11. O-O-O f6 12. exf6 Nxf6 13. Kb1 O-O 14. Bd3 Bd7
15. Rhe1 b5 16. a3 b4 17. axb4 Nxb4 18. Ne5 Bb5 19. f5 d4 20. Ne4 Nxe4 21. Bxe4
Rad8 22. fxe6 Bc4 23. Nxc4 Qxc4 24. b3 Qc5 25. e7 Qa5 26. exf8=Q+ Rxf8 27. Qxd4
Rc8 28. Qb2 1-0